Fifty Great Thinkers On The Environment / (Record no. 67899)

MARC details
000 -LEADER
fixed length control field 01553nam a22002417a 4500
005 - DATE AND TIME OF LATEST TRANSACTION
control field 20120614112237.0
010 ## - LCCN (DPL NO)
LC control number B-446118-122
020 ## - INTERNATIONAL STANDARD BOOK NUMBER
International Standard Book Number 9780415146999
Terms of availability 295.00
035 ## - SYSTEM CONTROL NUMBER
System control number B-446118-122
037 ## - SOURCE OF ACQUISITION
Stock number dpl
Source of stock number/acquisition Allied Pub / ven
082 ## - DEWEY DECIMAL CLASSIFICATION NUMBER
Classification number 337.092
245 ## - TITLE STATEMENT
Title Fifty Great Thinkers On The Environment /
Statement of responsibility, etc edited by Joy A. Palmer
260 ## - PUBLICATION, DISTRIBUTION, ETC. (IMPRINT)
Place of publication, distribution, etc London
Name of publisher, distributor, etc Routledge
Date of publication, distribution, etc 2004
270 ## - ADDRESS
Address 11 New Fetter Lane
City london
300 ## - PHYSICAL DESCRIPTION
Extent xiii, 321pgs
Dimensions 21cm(pbk)
942 ## - ADDED ENTRY ELEMENTS (KOHA)
Source of classification or shelving scheme Dewey Decimal Classification
Item type English Books
Call number suffix PAL
Classification part 337.092
Holdings
Withdrawn status Lost status Not for loan Collection code Home library Current library Date acquired Source of acquisition Cost, normal purchase price Full call number Barcode Copy number Cost, replacement price Koha item type
      Non-fiction Central Library Central Library 20/06/2012 Allied Pub/1183/04.10.2011/04/15.09.2011/09.11.2011 295.00 337.092 PAL B-446118 1 295.00 English Books
      Non-fiction Karol Bagh Karol Bagh 20/06/2012 Allied Pub/1183/04.10.2011/04/15.09.2011/09.11.2011 295.00 337.092 PAL B-446121 1 295.00 English Books
      Non-fiction Patel Nagar Patel Nagar 20/06/2012 Allied Pub/1183/04.10.2011/04/15.09.2011/09.11.2011 295.00 337.092 PAL B-446119 1 295.00 English Books
      Non-fiction Sarojini Nagar Sarojini Nagar 20/06/2012 Allied Pub/1183/04.10.2011/04/15.09.2011/09.11.2011 295.00 337.092 PAL B-446120 1 295.00 English Books
      Non-fiction Shahdara Branch Shahdara Branch 20/06/2012 Allied Pub/1183/04.10.2011/04/15.09.2011/09.11.2011 295.00 337.092 PAL B-446122 1 295.00 English Books

© Delhi Public Library
Hit Counter
free hit counter